Introduction to field theory /
Guardado en:
| Autor Principal: | |
|---|---|
| Formato: | Libro |
| Idioma: | English |
| Publicado: |
Edinburgh :
Oliver & Boyd,
1964.
|
| Edición: | 1st ed. |
| Series: | University mathematical texts
|
| Etiquetas: |
Agregar Etiqueta
Sin Etiquetas, Sea el primero en etiquetar este registro!
|
| LEADER | 00531nam a22001815a 4500 | ||
|---|---|---|---|
| 001 | MAT.inmabb001574 | ||
| 008 | 031124s1964####stk###########000#0#eng#d | ||
| 005 | 20170816155759.0 | ||
| 245 | 1 | 0 | |a Introduction to field theory / |c Iain T. Adamson. |
| 250 | |a 1st ed. | ||
| 260 | |a Edinburgh : |b Oliver & Boyd, |c 1964. | ||
| 300 | |a viii, 180 p. ; |c 19 cm. | ||
| 440 | 0 | |a University mathematical texts | |
| 510 | 4 | |a MR, |c 33 #7325 | |
| 100 | 1 | |a Adamson, Iain T. | |
| 084 | |a 12.00 |2 MR | ||
| 010 | |a 65002497 | ||
| 859 | |h 12 |i Ad221 |p A-1953 |b BIB. MATEMATICA | ||
